000 00639nam a2200217 a 4500
005 20210223124858.0
008 030320s2002 mx r 000 0 spa d
020 _a8433969625
035 _aUPN01000123119
049 _aCG
050 4 _aPT2680 L5.4
_bA4.68
100 1 _aSchlink, Bernhard,
_d1944-
245 1 0 _aAmores en fuga /
_cBernhard Schlink ; tr. Joan Parra Contreras.
260 _aBarcelona, Esp. :
_bAnagrama,
_c2002.
300 _a266 p.
440 0 _aPanorama de narrativas ;
_v502
534 _pTraducción de:
_tLiebesfluchten
650 4 _aLITERATURA ALEMANA -
_ySIGLO XX
_98270
902 _acps/MITM
905 _aLibro
999 _c95300
_d95300